<?xml version="1.0" encoding="UTF-8"?>
<record
    xmlns:xsi="http://www.w3.org/2001/XMLSchema-instance"
    xsi:schemaLocation="http://www.loc.gov/MARC21/slim http://www.loc.gov/standards/marcxml/schema/MARC21slim.xsd"
    xmlns="http://www.loc.gov/MARC21/slim">

  <leader>00757nab a2200217uuc4500</leader>
  <controlfield tag="001">1052112</controlfield>
  <controlfield tag="005">20260408100652.0</controlfield>
  <controlfield tag="008">071016s2006                        spa  </controlfield>
  <datafield tag="035" ind1=" " ind2=" ">
    <subfield code="a">1052112</subfield>
  </datafield>
  <datafield tag="035" ind1=" " ind2=" ">
    <subfield code="a">(OCoLC)820274761</subfield>
  </datafield>
  <datafield tag="040" ind1=" " ind2=" ">
    <subfield code="c">comduadb</subfield>
  </datafield>
  <datafield tag="041" ind1=" " ind2=" ">
    <subfield code="a">spa</subfield>
  </datafield>
  <datafield tag="100" ind1="1" ind2="0">
    <subfield code="a">Cabezas Fernandez del Campo, Jose A.</subfield>
    <subfield code="4">aut</subfield>
    <subfield code="e">aut</subfield>
    <subfield code="9">591205</subfield>
  </datafield>
  <datafield tag="245" ind1="1" ind2="0">
    <subfield code="a">Derechos de los animales vs. Investigacion biologica</subfield>
  </datafield>
  <datafield tag="650" ind1=" " ind2="7">
    <subfield code="a">Animales de laboratorio</subfield>
    <subfield code="2">dcs</subfield>
    <subfield code="9">30859</subfield>
  </datafield>
  <datafield tag="650" ind1=" " ind2="7">
    <subfield code="a">Bio&#xE9;tica</subfield>
    <subfield code="2">lemb</subfield>
    <subfield code="9">4661</subfield>
  </datafield>
  <datafield tag="650" ind1=" " ind2=" ">
    <subfield code="a">Investigaci&#xF3;n biol&#xF3;gica</subfield>
    <subfield code="9">12554</subfield>
  </datafield>
  <datafield tag="650" ind1=" " ind2="7">
    <subfield code="a">Experimentaci&#xF3;n animal</subfield>
    <subfield code="2">embne</subfield>
    <subfield code="9">237390</subfield>
  </datafield>
  <datafield tag="773" ind1="0" ind2=" ">
    <subfield code="t">Anales de la Real Academia Nacional de Farmacia (Madrid)</subfield>
    <subfield code="g">Vol. 072, No. 01, Ene.-Mar. 2006, p. 69-73</subfield>
    <subfield code="w">8675</subfield>
    <subfield code="x">1697-4271</subfield>
    <subfield code="0">3423</subfield>
  </datafield>
  <datafield tag="942" ind1=" " ind2=" ">
    <subfield code="c">ARIMP</subfield>
  </datafield>
  <datafield tag="999" ind1=" " ind2=" ">
    <subfield code="c">437293</subfield>
    <subfield code="d">437293</subfield>
  </datafield>
</record>
